Fr. Conceicao Rodrigues College of Engineering

Essentials Of Management (Record no. 24624)

MARC details
000 -LEADER
fixed length control field 00337nam a2200157Ia 4500
082 ## - DEWEY DECIMAL CLASSIFICATION NUMBER
Classification number 658/KOO
Item number KOO
100 ## - MAIN ENTRY--PERSONAL NAME
Personal name Koontz/Harold
250 ## - EDITION STATEMENT
Edition statement 7
245 ## - TITLE STATEMENT
Title Essentials Of Management
260 ## - PUBLICATION, DISTRIBUTION, ETC.
Name of publisher, distributor, etc. Tata Mc Graw hill Ltd.
Place of publication, distribution, etc. New Delhi
Date of publication, distribution, etc. 2007
366 ## - TRADE AVAILABILITY INFORMATION
Publishers's discount category 20
546 ## - LANGUAGE NOTE
Language note ENGLISH
654 ## - SUBJECT ADDED ENTRY--FACETED TOPICAL TERMS
Focus term management
942 ## - ADDED ENTRY ELEMENTS (KOHA)
Koha item type BOOK
Holdings
Withdrawn status Lost status Damaged status Not for loan Collection Home library Current library Date acquired Source of acquisition Cost, normal purchase price Inventory number Total Checkouts Full call number Barcode Date last seen Cost, replacement price Price effective from Koha item type
        CRC Fr. Agnel's C.Rodrigues College of Engineering Fr. Agnel's C.Rodrigues College of Engineering 17/03/2023 Professional Book House. 230.00 341 dt 05/01/2008   658/KOO KOO 18183 17/03/2023 250.00   BOOK